00488nam a22001577a 450000500170000001000130001702000110003003500130004103700080005408200080006210000170007024500750008726000490016227000880021130000310029920191024164628.0 aB-163050 c150.00 aB-163050 bdpl a000 aGupta, Kiran aYoung Learner's children's encyclopedia of knowledge /cby kiran gupta aNew DelhibYoung Learner publications c200? aG-1, Rattan Jyoti 18, Rajendra placebNew Delhie110008k25750801,25755519,25820556 aviii,120p.billc24cm (Hb)